MARC

LEADER 00000nam0a2200000 4500
001 149318
005 20231031145817.0
035 |a (RuTPU)RU\TPU\book\161874 
090 |a 149318 
100 |a 20081215d1968 km y0rusy50 ca 
101 0 |a rus 
102 |a RU 
105 |a a z 001zy 
200 1 |a Основы физико-химии промывочных жидкостей и тампонажных растворов  |f А. И. Булатов, В. И. Рябченко, С. С. Сухарев 
210 |a Москва  |c Недра  |d 1968 
215 |a 176 с.  |c ил. 
320 |a Библиогр.: с. 167-174. 
610 1 |a промывочные растворы 
610 1 |a буровые растворы 
610 1 |a физико-химические свойства 
610 1 |a тампонажные растворы 
610 1 |a дисперсные системы 
610 1 |a свойства 
610 1 |a поверхностные явления 
610 1 |a коагуляция 
610 1 |a стабилизация 
675 |a 622.323.245  |v 3 
675 |a 622.323.24.1  |v 3 
700 1 |a Булатов  |b А. И.  |g Анатолий Иванович 
701 1 |a Рябченко  |b В. И.  |g Владимир Ильич 
701 1 |a Сухарев  |b С. С.  |g Степан Семенович 
801 1 |a RU  |b 63413507  |c 20081215  |g PSBO 
801 2 |a RU  |b 63413507  |c 20190524  |g PSBO 
900 |a Химия промывочных жидкостей 
942 |c BK